000 00758nam a2200229 i 4500
001 111189
003 ES-MaACL
005 20230906185247.0
007 t|
008 061121s1974 sp r ||||1| spa d
100 1 _aOlcina, Evaristo.
_986686
245 1 3 _aEl carlismo y las autonomías regionales /
_cEvaristo Olcina ; prólogo de Josep Benet.
260 _aMadrid :
_bSeminario y ediciones,
_c1974.
300 _a261 p. ;
_c18 cm.
490 1 _aHora H : Ensayos y Documentos ;
_v47
650 0 4 _aCarlismo-
_xHistoria.
_910782
650 4 _aRegionalismo-
_zEspaña-
_xHistoria.
_9170128
700 1 _aBenet, Josep.
_927535
830 0 _aHora H : Ensayos y Documentos ;
_v47
_9176510
852 _aES-MaACL
_jC-56429
_bR.89303
999 _c111189
_d111189